| 000 | 01028nas a2200277 i 4500 | ||
|---|---|---|---|
| 001 | 1862 | ||
| 003 | ES-MaACL | ||
| 005 | 20250630001350.0 | ||
| 007 | t| | ||
| 008 | 950801c1927 sp t| | 1 ||pa d | ||
| 022 | _a0210-2854 | ||
| 080 | _a908 | ||
| 245 | 0 | 0 | _aRevista de estudios extremeños. |
| 260 |
_aBadajoz : _bDepartamento de Publicaciones, Diputación Provincial, _c1927- |
||
| 300 |
_a4 v. ; _c24 cm. |
||
| 310 | _aCuatrimestral | ||
| 362 | 0 | _aN. I (1927)- | |
| 500 | _aDescripción basada en : T. XLII, nº 3 (1986) | ||
| 650 | 1 | 4 |
_aMonografías regionales. _915170 |
| 710 | 1 |
_aBadajoz (Provincia). _bDiputación Provincial _92081 |
|
| 852 |
_aES-MaACL _jHEM-H-463 _91900 _cHEM _zExpurgada marzo 2025: posterior 1958; sin encuadernar; en acceso abierto; muy incompleta; completa colección de BNE. |
||
| 856 |
_uhttps://dialnet.unirioja.es/servlet/revista?codigo=1164 _ySumarios de la revista en Dialnet |
||
| 866 | 0 | _o(1986 solo n3)1987-89(1990 f.n3). | |
| 942 | _2udc | ||
| 999 |
_c1862 _d1862 |
||